15 principaux pays touchés par Covid-19 - 16 février 2022 - Statistiques

Statistiques générales
  • Ce quiz a été pris 43 fois
  • Le résultat moyen est 13 sur 28
Statistiques - réponses
pays % Correct
Etats-Unis
100%
France
100%
Espagne
88%
Italie
88%
Royaume-Uni
83%
Russie
79%
Allemagne
74%
Inde
74%
Brésil
67%
Belgique
62%
Portugal
62%
Pologne
55%
Suisse
52%
Argentine
48%
Pays-Bas
48%
Pays-Bas
48%
Danemark
31%
Turquie
31%
Iran
29%
Colombie
24%
Tchèquie
17%
Estonie
12%
Lettonie
12%
Lituanie
12%
Israël
10%
Slovénie
10%
Géorgie
2%
Bahreïn
0%
Aucun quiz correspondant
Distribution des résultats
% des personnes avec chaque résultat
Percentile par nombre de réponses
Votre historique - résultats
Vous n’avez pas pris ce quiz